| 000 -LEADER |
| fixed length control field |
nam a22 7a 4500 |
| 005 - DATE AND TIME OF LATEST TRANSACTION |
| control field |
20170517161133.0 |
| 008 - FIXED-LENGTH DATA ELEMENTS--GENERAL INFORMATION |
| fixed length control field |
170517b2006 ilu||||| |||| 00| 0 eng d |
| 020 ## - INTERNATIONAL STANDARD BOOK NUMBER |
| International Standard Book Number |
1419535498 (alk. paper) |
| -- |
9781419535499 (alk. paper) |
| 040 ## - CATALOGING SOURCE |
| Original cataloging agency |
AKMAL |
| 082 ## - DEWEY DECIMAL CLASSIFICATION NUMBER |
| Classification number |
650.1 CHA |
| 090 ## - LOCALLY ASSIGNED LC-TYPE CALL NUMBER (OCLC); LOCAL CALL NUMBER (RLIN) |
| Classification number (OCLC) (R) ; Classification number, CALL (RLIN) (NR) |
650.1 |
| Local cutter number (OCLC) ; Book number/undivided call number, CALL (RLIN) |
CHA |
| 245 00 - TITLE STATEMENT |
| Title |
Changing roles : |
| Remainder of title |
avoiding the transition traps / |
| Statement of responsibility, etc. |
Duke Corporate Education ; Blair Sheppard ... [et al.]. |
| 260 ## - PUBLICATION, DISTRIBUTION, ETC. |
| Place of publication, distribution, etc. |
Chicago, IL : |
| Name of publisher, distributor, etc. |
Kaplan Pub., |
| Date of publication, distribution, etc. |
c2006 |
| 300 ## - PHYSICAL DESCRIPTION |
| Extent |
xvi, 95 p. : |
| Other physical details |
ill. ; |
| Dimensions |
24 cm |
| 504 ## - BIBLIOGRAPHY, ETC. NOTE |
| Bibliography, etc. note |
Includes bibliographical references (p. 91-92) and index. |
| 650 #0 - SUBJECT ADDED ENTRY--TOPICAL TERM |
| Topical term or geographic name entry element |
Career development. |
| 9 (RLIN) |
568 |
| 650 #0 - SUBJECT ADDED ENTRY--TOPICAL TERM |
| Topical term or geographic name entry element |
Organizational change. |
| 9 (RLIN) |
567 |
| 650 #0 - SUBJECT ADDED ENTRY--TOPICAL TERM |
| Topical term or geographic name entry element |
Career changes. |
| 9 (RLIN) |
5794 |
| 650 #0 - SUBJECT ADDED ENTRY--TOPICAL TERM |
| Topical term or geographic name entry element |
Adaptability (Psychology) |
| 9 (RLIN) |
5795 |
| 710 2# - ADDED ENTRY--CORPORATE NAME |
| Corporate name or jurisdiction name as entry element |
Duke Corporate Education. |
| 9 (RLIN) |
5796 |
| 856 41 - ELECTRONIC LOCATION AND ACCESS |
| Uniform Resource Identifier |
http://www.loc.gov/catdir/toc/ecip0610/2006008085.html |
| 856 42 - ELECTRONIC LOCATION AND ACCESS |
| Uniform Resource Identifier |
http://www.loc.gov/catdir/enhancements/fy0712/2006008085-d.html |
| 856 42 - ELECTRONIC LOCATION AND ACCESS |
| Uniform Resource Identifier |
http://www.loc.gov/catdir/enhancements/fy0735/2006008085-b.html |
| 942 ## - ADDED ENTRY ELEMENTS (KOHA) |
| Source of classification or shelving scheme |
|
| Koha item type |
Book |